| 000 | 00623nam a2200229 a 4500 | ||
|---|---|---|---|
| 008 | |||
| 020 | _a0727907654 (pbk.) | ||
| 049 | _aMAIN | ||
| 090 |
_aRF46 _bLUD |
||
| 100 | 1 | _aLudman, Harold. | |
| 245 | 1 | 0 |
_aABC of otolaryngology / _cHarold Ludman. |
| 250 | _a3rd ed. | ||
| 260 |
_aLondon : _bBMJ Publishing Group, _c1993. |
||
| 300 |
_a58 p. : _bill. ; _c30 cm. |
||
| 650 | 2 | _aOtorhinolaryngologic Diseases. | |
| 650 | 0 | _aOtolaryngology. | |
| 907 |
_a.b10362599 _b15-09-15 _c14-09-15 |
||
| 003 | |||
| 005 | 20230123122153.0 | ||
| 040 | _cNUST | ||
| 942 |
_cBOOKS _kRF46 _mLUD |
||
| 999 |
_c129014 _d129014 |
||